Diseño de stands Low Cost /
Se presentan aquí 33 proyectos que ponen de manifiesto las tendencias creativas en materia de diseño de stands, y con la característica añadida que se trata de desarrollos no necesariamente onerosos y que consideran la dimensión sostenible. Cada caso incluye una descripción textual, acompañada de fo...
Kaydedildi:
| Yazar: | |
|---|---|
| Diğer Yazarlar: | |
| Materyal Türü: | Kitap |
| Dil: | İspanyolca |
| Baskı/Yayın Bilgisi: |
Barcelona, España : México :
Loft ; Reditar Libros,
2010, c2010
|
| Konular: | |
| Etiketler: |
Etiket eklenmemiş, İlk siz ekleyin!
|
MARC
| LEADER | 00000nam^a2200000^a^4500 | ||
|---|---|---|---|
| 001 | 000317578 | ||
| 005 | 20250521000000.0 | ||
| 008 | 110815 20102010 | ||
| 009 | 20260310113347.503 | ||
| 020 | |a 978-84-96449-99-2 | ||
| 037 | |a Acervo ITESO - Biblioteca | ||
| 041 | |a ESP | ||
| 082 | |a 725. 91 |b ZAM | ||
| 100 | |a Zamora Mola, Francesc |e (ed. y texto) | ||
| 245 | 1 | 0 | |a Diseño de stands Low Cost / |c Ed. y texto de F. Zamora Mola ; coord. editorial de S. Schleifer. |
| 264 | 4 | |a Barcelona, España : |b Loft ; |a México : |b Reditar Libros, |c 2010, c2010 | |
| 300 | |a 190 p. | ||
| 336 | |a texto |b txt |2 rdacontenido | ||
| 337 | |a sin mediación |b n |2 rdamedio | ||
| 338 | |a volumen |b nc |2 rdasoporte | ||
| 520 | |a Se presentan aquí 33 proyectos que ponen de manifiesto las tendencias creativas en materia de diseño de stands, y con la característica añadida que se trata de desarrollos no necesariamente onerosos y que consideran la dimensión sostenible. Cada caso incluye una descripción textual, acompañada de fotografías del proyecto. | ||
| 649 | |a XX | ||
| 650 | |a Stands (Diseño y Montaje) - |x Tema Principal | ||
| 650 | |a Ferias Comerciales (Diseño y Montaje) - |x Tema Principal | ||
| 650 | |a Exhibición de Mercancía | ||
| 650 | |a Promoción del Producto | ||
| 650 | |a Ecodiseño | ||
| 650 | |a Decoración y Ornamentación | ||
| 650 | |a Diseño Arquitectónico | ||
| 650 | |a Arquitectura Efímera | ||
| 650 | |a Arquitectura Móvil | ||
| 650 | |a Arquitectura (Tendencias Recientes) - |x Historia y Crítica | ||
| 650 | |a Arquitectura - |y 2000-2009 | ||
| 650 | |a Arquitectura - |y Siglo XXI | ||
| 650 | |a Arquitectura - |x Historia y Crítica | ||
| 650 | |a Arte Efímero | ||
| 650 | |a Arte (Tendencias Recientes) - |x Historia y Crítica | ||
| 650 | |a Arte - |y 2000-2009 | ||
| 650 | |a Arte - |y Siglo XXI | ||
| 650 | |a Arte - |x Historia y Crítica | ||
| 650 | |a Comunicación Visual | ||
| 700 | |a Schleifer, Simone |e (coordinación) | ||
| 910 | |a Fondo General | ||
| 920 | |a Impresos - Libros | ||
| 930 | |a Colección General | ||
| 905 | |a 101 | ||
| 901 | |a 0500204795 |b IT1 |c ACC |i C130090 |u 20250521 | ||
| 902 | |a https://opac.biblio.iteso.mx/vufind/Record/000317578 | ||